000 01163nam a22003617a 4500
001 BR2010005696
003 BR-BrBNA
005 20230928103604.0
007 ta
008 230509b bl.||||| |||| 00| 0 por d
040 _aBR-BrBNA
_bpor
_cBiblioteca Nacional de Agricultura
041 _a(Por)
072 _aP01; D50
090 _ P01 BR2010005696
100 1 _aGross, T.
100 1 _aJohnston, S.
100 1 _aBarber, C.V.
110 1 _aMinistério do Meio Ambiente, Brasília, DF (Brasil)
245 1 _aA convenção sobre diversidade biológica: entendendo e influenciando o processo
_bUm guia para entender e participar efetivamente da oitava reunião da conferência das partes da convenção sobre diversidade biológica (COP- 8)
250 1 _a2. ed.
260 3 _aBrasília, DF (Brasil):
_c2006.
300 _a76 p.
500 _aGlossary 75-76
650 _aECOSSISTEMA
650 _aRECURSO GENÉTICO
650 _aRECURSO FINANCEIRO
650 _aTOMADA DE DECISÃO
650 _aBIOSSEGURANÇA
650 _aPROJETO DE DESENVOLVIMENTO
650 _aREGULAMENTO
909 _a202309
_bLucia
_c55
_dLucia Elande
942 _cBK
999 _c75722
_d75722